Oración a la palabra / (Record no. 189002)
[ view plain ]
| 000 -LEADER | |
|---|---|
| campo de control de longitud fija | 00744nam a2200169 i 4500 |
| 001 - NÚMERO DE CONTROL | |
| campo de control | 189002 |
| 003 - IDENTIFICADOR DE NÚMERO DE CONTROL | |
| campo de control | ES-MaACL |
| 005 - FECHA Y HORA DE LA ÚLTIMA TRANSACCIÓN | |
| campo de control | 20250823063131.0 |
| 008 - DATOS DE LONGITUD FIJA--INFORMACIÓN GENERAL | |
| campo de control de longitud fija | 190319s1945 sp |||| | spa d |
| 100 1# - ENTRADA PRINCIPAL--NOMBRE DE PERSONA | |
| Nombre de persona | Martínez Kleiser, Luis, |
| Fechas asociadas al nombre | 1883-1971 |
| 9 (RLIN) | 78166 |
| 245 10 - MENCIÓN DEL TÍTULO | |
| Título | Oración a la palabra / |
| Mención de responsabilidad, etc. | discurso leído ante la Real Academia Española el día 10 de enero de 1946 en su recepción pública por el Excmo. Sr. D. Luis Martínez Kleiser y contestación del Excmo. Sr. D. Armando Cotarelo Valledor. |
| 260 ## - PUBLICACIÓN, DISTRIBUCIÓN, ETC. | |
| Lugar de publicación, distribución, etc. | Madrid : |
| Nombre del editor, distribuidor, etc. | [s.n.], |
| Fecha de publicación, distribución, etc. | 1945 ( |
| Fabricante | S. Aguirre) |
| 300 ## - DESCRIPCIÓN FÍSICA | |
| Extensión | 70 p. ; |
| Dimensiones | 25 cm. |
| 700 1# - ENTRADA AGREGADA--NOMBRE PERSONAL | |
| Nombre de persona | Cotarelo Valledor, Armando, |
| Fechas asociadas al nombre | 1879-1950 |
| 9 (RLIN) | 41167 |
| 852 ## - LOCALIZACIÓN | |
| Ubicación | ES-MaACL |
| Número de control de estantería | K-157-3 |
| Nota libre | .- Enc. en un vol. facticio |
| Estatus retirado | Estado de pérdida | Estado de daño | No para préstamo | Biblioteca de origen | Biblioteca actual | Ubicación en estantería | Fecha de adquisición | Fuente de adquisición | Total de préstamos | Signatura topográfica completa | Código de barras | Visto por última vez | Precio de reemplazo | Tipo de ítem Koha |
|---|---|---|---|---|---|---|---|---|---|---|---|---|---|---|
| Biblioteca del Ateneo de Madrid | Biblioteca del Ateneo de Madrid | Administración | 19/03/2019 | K-157-3 | 1200168 | 23/02/2023 | 23/02/2023 | Libro impreso |
